Selected foreign policy speeches

Bibliographic Details
Main Author: Syed Hamid Albar
Format: Book
Published: Kuala Lumpur : Institue of Diplomacy and Foreign Relations (IDFR) , 2005
Subjects:

MARC

LEADER 00000cam a2200000 7i4500
001 0000097708
005 20071226.0
020 |a 9832220076 
090 0 0 |a 327.595   |b SYE 
100 0 |a Syed Hamid Albar 
245 1 0 |a Selected foreign policy speeches   |c Syed Hamid Albar 
260 |a Kuala Lumpur :   |b Institue of Diplomacy and Foreign Relations (IDFR) ,   |c 2005 
300 |a 595p. ;   |c 22cm. 
650 0 0 |a International relation 
651 0 |a Malaysia   |x Foreign relations 
999 |a 00188730   |b BUKU   |c MALAYSIANA   |e PERPUSTAKAAN KOMUNITI PETALING JAYA